000 00503nam a2200193Ia 4500
005 20230811110325.0
008 131103s9999 xx 000 0 und d
020 _a034050045 X
040 _aLoreto College
041 _aEnglish
082 _aF
_bSTE
100 _aStewart,Winston
245 _aDemelza
_b A novel of Cornwall 1788 - 1790
_cWinston Stewart
260 _aLondon
_bCollins/Fontana Books
_c1946
300 _a382 p.
650 _aFiction in English
850 _aLCLIB
942 _cBK
999 _c15659
_d66138